Minecraft Mobs That Only Spawn at a Structure - Statistics

General Stats
  • This quiz has been taken 68 times
  • The average score is 7 of 8
Answer Stats
Hint Answer % Correct
Nether Forretress Blaze
100%
Ocean Monument Elder Guardian
98%
Ocean Monument Guardian
98%
End City Shulker
98%
Nether Forretress Wither Skeleton
98%
Abandoned Mineshaft Cave Spider
95%
Bastion Piglin Brute
89%
Witch Hut/Village/Abandoned Village Cat
68%
No matching quizzes found
Score Distribution
Percent of People with Each Score
Percentile by Number Answered
Your Score History
You have not taken this quiz